[Event "Dimitrov IM-A"]
[Site "Dimitrov"]
[Date "2007.07.29"]
[Round "14"]
[White "Bezgodova, Svetlana"]
[Black "Fokin, Stanislav"]
[Result "1-0"]
[WhiteElo "2266"]
[BlackElo "2114"]
[PlyCount "86"]
[EventDate "2007.07.07"]
[EventType "tourn"]
[EventRounds "19"]
[EventCountry "RUS"]
[EventCategory "1"]
[SourceTitle "CBM 119 Extra"]
[Source "ChessBase"]
[SourceDate "2007.09.04"]
[SourceVersion "1"]
[SourceVersionDate "2007.09.04"]
[SourceQuality "1"]

1. Nf3 Nf6 2. g3 g6 3. b3 Bg7 4. Bb2 0-0 5. Bg2 d5 6. c4 dxc4 7. bxc4 c5 8. 0-0 Nc6 9. d3 Bd7 10. Ne5 Nxe5 11. Bxe5 Qc8 12. Nc3 Bh3 13. Rb1 Bxg2 14. Kxg2 Qe6 15. Bxf6 Bxf6 16. Nd5 b6 17. e4 Qd6 18. f4 Bd4 19. Qf3 f6 20. f5 Be5 21. Rb3 Rab8 22. Qg4 Kf7 23. Ra3 Rb7 24. Qh3 Rh8 25. Ra6 e6 26. fxe6+ Qxe6 27. Qh4 h5 28. a4 Kg7 29. Qh3 Qxh3+ 30. Kxh3 Rf8 31. Kg2 Rff7 32. h3 Rf8 33. Rb1 Rfb8 34. Kf3 Kf7 35. Rb5 Bd4 36. Nf4 Bc3 37. Ne2 Ba5 38. Nc1 Bd2 39. Nb3 Bc3 40. a5 bxa5 41. Rxb7+ Rxb7 42. Nxc5 Rc7 43. Ne6 Rb7 1-0

[Event "Dimitrov IM-A"]
[Site "Dimitrov"]
[Date "2007.07.29"]
[Round "15"]
[White "Fokin, Stanislav"]
[Black "Puchkov, Andrey"]
[Result "0-1"]
[WhiteElo "2114"]
[BlackElo "2252"]
[PlyCount "106"]
[EventDate "2007.07.07"]
[EventType "tourn"]
[EventRounds "19"]
[EventCountry "RUS"]
[EventCategory "1"]
[SourceTitle "CBM 119 Extra"]
[Source "ChessBase"]
[SourceDate "2007.09.04"]
[SourceVersion "1"]
[SourceVersionDate "2007.09.04"]
[SourceQuality "1"]

1. e4 c5 2. Nf3 e6 3. d4 cxd4 4. Nxd4 a6 5. c4 Nf6 6. Nc3 Qc7 7. Be2 Bb4 8. Qd3 Nc6 9. f4 d6 10. Be3 0-0 11. 0-0 Bd7 12. Nb3 Ne7 13. Rac1 Rfd8 14. Bf3 Rac8 15. a3 Bxc3 16. Qxc3 Bc6 17. Qb4 Rd7 18. Bb6 Qb8 19. Rfe1 Ng6 20. g3 h5 21. Rcd1 h4 22. Kg2 hxg3 23. hxg3 Re8 24. Qa5 e5 25. f5 Ne7 26. g4 Nh7 27. Rh1 g5 28. Nd2 Nc8 29. b4 Nxb6 30. Qxb6 Qd8 31. Qe3 b5 32. cxb5 axb5 33. Qg1 f6 34. Nb1 d5 35. Qc5 dxe4 36. Qxc6 exf3+ 37. Qxf3 Ree7 38. Qb3+ Kg7 39. Qh3 Kh8 40. Rxd7 Rxd7 41. Qh6 Rg7 42. Qh3 Rc7 43. Qf3 Rc2+ 44. Kg3 Qc7 45. Qe4 Rc4 46. Qe3 e4+ 47. Kh3 Qf4 48. Qxf4 gxf4 49. Nd2 Rd4 50. g5 Rxd2 51. Kg4 fxg5 52. f6 Rd6 53. f7 Rf6 0-1

[Event "Dimitrov IM-A"]
[Site "Dimitrov"]
[Date "2007.07.28"]
[Round "12"]
[White "Fokin, Stanislav"]
[Black "Kanter, Eduard"]
[Result "0-1"]
[WhiteElo "2114"]
[BlackElo "2272"]
[PlyCount "134"]
[EventDate "2007.07.07"]
[EventType "tourn"]
[EventRounds "19"]
[EventCountry "RUS"]
[EventCategory "1"]
[SourceTitle "CBM 119 Extra"]
[Source "ChessBase"]
[SourceDate "2007.09.04"]
[SourceVersion "1"]
[SourceVersionDate "2007.09.04"]
[SourceQuality "1"]

1. e4 c5 2. Nf3 d6 3. d4 cxd4 4. Nxd4 Nf6 5. Nc3 g6 6. Be3 Bg7 7. f3 0-0 8. Qd2 Nc6 9. Bc4 Bd7 10. 0-0-0 Ne5 11. Bb3 Rc8 12. Kb1 Re8 13. g4 b5 14. g5 b4 15. Nce2 Nh5 16. f4 Nc4 17. Bxc4 Rxc4 18. b3 Rc8 19. f5 Qa5 20. Ng3 Qe5 21. Nxh5 gxh5 22. Rhg1 Qxe4 23. f6 Bh8 24. Qd3 Qxd3 25. cxd3 e5 26. Ne2 h4 27. Bxa7 Bf5 28. Kb2 Rc6 29. Bf2 Rec8 30. Rc1 Bxd3 31. Rxc6 Rxc6 32. Rc1 Rxc1 33. Nxc1 Ba6 34. Bxh4 h6 35. gxh6 Kh7 36. Bg5 Kg6 37. h4 d5 38. a3 bxa3+ 39. Kxa3 d4 40. Kb2 e4 41. Kc2 Kf5 42. Kd1 e3 43. Ne2 Ke4 44. Ng3+ Kf3 45. Nf5 Kf2 46. Nxd4 e2+ 47. Nxe2 Bxe2+ 48. Kd2 Kf3 49. Kc3 Ke4 50. Kb4 Kd5 51. Ka5 Ke6 52. h7 Bd3 53. b4 Bxh7 54. b5 Bxf6 55. Bf4 Be5 56. Be3 Kd7 57. h5 Kc7 58. Kb4 Be4 59. Kc5 f5 60. h6 f4 61. Bf2 Bc3 62. Bg1 Kb7 63. Kd6 f3 64. Bf2 Bh7 65. Kd5 Bd2 66. Kd4 Bxh6 67. Be3 Bxe3+ 0-1

[Event "Dimitrov IM-A"]
[Site "Dimitrov"]
[Date "2007.07.25"]
[Round "7"]
[White "Nechaeva, Marina"]
[Black "Fokin, Stanislav"]
[Result "1-0"]
[WhiteElo "2226"]
[BlackElo "2114"]
[PlyCount "89"]
[EventDate "2007.07.07"]
[EventType "tourn"]
[EventRounds "19"]
[EventCountry "RUS"]
[EventCategory "1"]
[SourceTitle "CBM 119 Extra"]
[Source "ChessBase"]
[SourceDate "2007.09.04"]
[SourceVersion "1"]
[SourceVersionDate "2007.09.04"]
[SourceQuality "1"]

1. d4 Nf6 2. c4 e6 3. Nc3 Bb4 4. e3 0-0 5. Bd3 d5 6. Nf3 c5 7. 0-0 cxd4 8. exd4 dxc4 9. Bxc4 Nc6 10. a3 Be7 11. Bf4 a6 12. Qd3 b5 13. Ba2 Bb7 14. Rad1 b4 15. Na4 Qa5 16. Nc5 Qb6 17. Nxb7 Qxb7 18. Ng5 Rad8 19. Qh3 Bd6 20. Be3 h6 21. Nf3 Qb5 22. d5 exd5 23. Bxh6 d4 24. Ng5 b3 25. Bb1 gxh6 26. Qxh6 Bxh2+ 27. Kh1 d3 28. f4 Qf5 29. Qxh2 Kg7 30. Rf3 Ng4 31. Qg3 Rh8+ 32. Nh3 Qh5 33. Rdxd3 f5 34. Rf1 Qf7 35. Rxd8 Rxd8 36. Qc3+ Qf6 37. Qxb3 Nd4 38. Qb7+ Kg6 39. Ba2 Ne2 40. Qf3 Qxb2 41. Bc4 Nd4 42. Qg3 Ne2 43. Qh4 Qf6 44. Qxf6+ Nxf6 45. Bxe2 1-0

[Event "Dimitrov IM-A"]
[Site "Dimitrov"]
[Date "2007.07.24"]
[Round "5"]
[White "Yaksin, Oleg"]
[Black "Fokin, Stanislav"]
[Result "1-0"]
[WhiteElo "2231"]
[BlackElo "2114"]
[PlyCount "47"]
[EventDate "2007.07.07"]
[EventType "tourn"]
[EventRounds "19"]
[EventCountry "RUS"]
[EventCategory "1"]
[SourceTitle "CBM 119 Extra"]
[Source "ChessBase"]
[SourceDate "2007.09.04"]
[SourceVersion "1"]
[SourceVersionDate "2007.09.04"]
[SourceQuality "1"]

1. d4 Nf6 2. Nf3 g6 3. Bg5 Bg7 4. Nbd2 d5 5. e3 0-0 6. c4 c5 7. cxd5 cxd4 8. e4 h6 9. Bh4 g5 10. Bg3 e6 11. d6 Nxe4 12. Nxe4 f5 13. Bd3 fxe4 14. Bxe4 Qa5+ 15. Nd2 Qa6 16. h4 g4 17. Qxg4 Nc6 18. Qg6 Rf5 19. Qe8+ Rf8 20. d7 Bxd7 21. Qxd7 Na5 22. Qd6 Qb5 23. b4 Nc6 24. a4 1-0

[Event "Voronezh op-B 11th"]
[Site "Voronezh"]
[Date "2007.06.19"]
[Round "8"]
[White "Fokin, Stanislav"]
[Black "Abramova, Yulia"]
[Result "1/2-1/2"]
[WhiteElo "2138"]
[BlackElo "2028"]
[PlyCount "102"]
[EventDate "2007.06.12"]
[EventType "swiss"]
[EventRounds "9"]
[EventCountry "RUS"]
[SourceTitle "EXT 2010"]
[Source "ChessBase"]
[SourceDate "2010.11.25"]
[SourceVersion "1"]
[SourceVersionDate "2010.11.25"]
[SourceQuality "1"]

1. Nf3 Nf6 2. d4 d5 3. c4 e6 4. Bg5 Be7 5. Nc3 h6 6. Bxf6 Bxf6 7. cxd5 exd5 8. e3 0-0 9. b4 Be6 10. Be2 Nd7 11. 0-0 Nb6 12. a4 Be7 13. Qb3 a6 14. Ne5 c6 15. a5 Nd7 16. Nd3 b6 17. axb6 Qxb6 18. Na4 Qb7 19. Qc3 Rfb8 20. Rfc1 Bxb4 21. Nxb4 Qxb4 22. Qxb4 Rxb4 23. Rxc6 a5 24. h3 Nf6 25. Nc5 a4 26. Ra6 Rxa6 27. Nxa6 Rb2 28. Bd3 Bd7 29. Nc5 Rb4 30. Bc2 Bc6 31. Bxa4 Bxa4 32. Rxa4 Rb1+ 33. Kh2 Rb2 34. Ra8+ Kh7 35. Kg3 Rd2 36. Ra7 Kg6 37. Ra6 Kh7 38. Rd6 Kg8 39. Rd8+ Kh7 40. Ra8 Kg6 41. Rf8 Nh7 42. Rd8 Nf6 43. f4 Ne4+ 44. Nxe4 dxe4 45. Re8 f5 46. Re6+ Kf7 47. Rc6 Re2 48. Rc3 Rd2 49. Rc7+ Kf6 50. Rc6+ Kf7 51. Rc3 Kf6 1/2-1/2

[Event "Voronezh op-B 11th"]
[Site "Voronezh"]
[Date "2007.06.18"]
[Round "6"]
[White "Fokin, Stanislav"]
[Black "Karibov, Evgeny"]
[Result "0-1"]
[WhiteElo "2138"]
[BlackElo "1933"]
[PlyCount "42"]
[EventDate "2007.06.12"]
[EventType "swiss"]
[EventRounds "9"]
[EventCountry "RUS"]
[SourceTitle "EXT 2010"]
[Source "ChessBase"]
[SourceDate "2010.11.25"]
[SourceVersion "1"]
[SourceVersionDate "2010.11.25"]
[SourceQuality "1"]

1. d4 g6 2. e4 d6 3. Nc3 Nf6 4. Bf4 Nbd7 5. Qd2 c6 6. 0-0-0 Qc7 7. e5 dxe5 8. Bxe5 Nxe5 9. dxe5 Nd7 10. f4 Bg7 11. Nf3 Nc5 12. Ng5 h6 13. Nge4 Nxe4 14. Nxe4 Bf5 15. Nc3 0-0 16. Be2 b5 17. g4 Be6 18. Rhg1 Qa5 19. b3 g5 20. f5 Bxe5 21. Na4 Bf4 0-1